000 00473nam a2200169 i 4500
001 113727
003 ES-MaACL
005 20230906190005.0
007 t|
008 061121s1926 sp |||| | spa d
100 1 _aNoguera López, Julio.
_985877
245 1 3 _aEl anormal que cada día vemos hacer /
_cJulio Noguera López.
260 _aMadrid :
_b[s.n.],
_c1926.
300 _a8 p. ;
_c22 cm.
650 0 4 _aDeficiencia mental.
_911548
852 _aES-MaACL
_j1704-F-29
999 _c113727
_d113727